000 00685nam a22002297a 4500
003 UA-OsUOA
001 71504
007 ta
008 20101113b un ||||| |||| 00| 0 ukr d
090 _a101(075.8)
_bФ68
942 _cBK
040 _aUA-OsUOA
_bukr
_cUA-OsUOA
_dUA-OsUOA
245 _aФілософія. Природа, проблематика, класичні розділи
_bнавч. посібн.
_cЗа ред. Волинки Г. І.
300 _a368 с.
955 _a2
041 _aukr
080 _a101(075.8)
020 _a978-966-8019-90-6
260 _aК.
_bКаравела
_c2009
650 7 _a1 Філософські науки
_2UDC
999 _c357789
_d357789